| 000 | 01129nam a2200241Ia 4500 | ||
|---|---|---|---|
| 003 | Ost | ||
| 005 | 20260416102355.0 | ||
| 008 | 260416s9999||||xx |||||||||||||| ||und|| | ||
| 040 | _cfsecg | ||
| 041 | _aara | ||
| 082 | _a301.14 | ||
| 100 |
_aعمير، جيلالي _eمؤلف |
||
| 245 | 0 |
_aالإتصال / _c جيلالي عمير |
|
| 260 |
_aالجزائر _bجامعة الجزائر3: كلية العلوم الإقتصادية، العلوم التجارية وعلوم التسيير _c2019 |
||
| 300 |
_a61 ورقة _bايضاحات _c30 سم |
||
| 504 | _aمراجع ص.60 | ||
| 520 | _aمدخل الى الاتصال، تطور عملية الاتصال، معوقات الاتصال ومهاراته، أنواع شبكات الاتصال في المؤسسات، وسائل الاتصال الاداري | ||
| 653 | _aالاتصال | ||
| 653 | _aالاتصالات الادارية | ||
| 653 | _aوسائل الاتصال | ||
| 710 |
_aجامعة الجزائر3: كلية العلوم الإقتصادية، العلوم التجارية وعلوم التسيير _eناشر علمي |
||
| 942 | _cHANDOUT | ||
| 999 |
_c41158 _d41158 |
||